| 000 | 01143cam a2200289 a 4500 | ||
|---|---|---|---|
| 001 | 4979405 | ||
| 005 | 20170105102918.0 | ||
| 008 | 980311s1998 nyu b 001 0 eng | ||
| 010 | _a 98017322 | ||
| 020 | _a9781850659891 | ||
| 040 |
_aDLC _cDLC _dDLC |
||
| 043 | _aa-pk--- | ||
| 050 | 0 | 0 |
_aDS382 _b.T35 1998 |
| 082 | 0 | 0 |
_a954.91 _221 |
| 100 | 1 | _aTalbot, Ian. | |
| 245 | 1 | 0 |
_aPakistan, a modern history / _cIan Talbot. |
| 260 |
_aNew York : _bSt. Martin's Press, _c1998. |
||
| 300 |
_axv, 432 p. ; _c23 cm. |
||
| 504 | _aIncludes bibliographical references (p. 417-425) and index. | ||
| 651 | 0 |
_aPakistan _xHistory. |
|
| 856 | 4 | 2 |
_3Contributor biographical information _uhttp://www.loc.gov/catdir/bios/hol057/98017322.html |
| 856 | 4 | 2 |
_3Publisher description _uhttp://www.loc.gov/catdir/description/hol056/98017322.html |
| 856 | 4 | 1 |
_3Table of contents _uhttp://www.loc.gov/catdir/toc/hol052/98017322.html |
| 906 |
_a7 _bcbc _corignew _d1 _eocip _f19 _gy-gencatlg |
||
| 942 |
_2ddc _cBK |
||
| 999 |
_c15454 _d15454 |
||